Estate duty and property (Record no. 95192)

MARC details
000 -LEADER
fixed length control field 00558cam a2200229 4500
001 - CONTROL NUMBER
control field D2517
008 - FIXED-LENGTH DATA ELEMENTS--GENERAL INFORMATION
fixed length control field 090401t1974 xxu||||| |||| 00| 0 eng d
035 ## - SYSTEM CONTROL NUMBER
System control number (Sirsi) u69392
041 ## - LANGUAGE CODE
Language code of text/sound track or separate title eng
050 ## - LIBRARY OF CONGRESS CALL NUMBER
Classification number 336.276
100 ## - MAIN ENTRY--PERSONAL NAME
Personal name Cole, V.B.
245 ## - TITLE STATEMENT
Title Estate duty and property
250 ## - EDITION STATEMENT
Edition statement 2nd
260 ## - PUBLICATION, DISTRIBUTION, ETC.
Place of publication, distribution, etc. London
Name of publisher, distributor, etc. Estates Gazette
Date of publication, distribution, etc. 1974
300 ## - PHYSICAL DESCRIPTION
Extent xxiii. 242p. + supplement. ii. 9p. 22cm
350 ## - PRICE (NR) (BK AM CF MU VM SE) [OBSOLETE]
Price 3.5
520 ## - SUMMARY, ETC.
Summary, etc. With supplement (April 1974)
700 ## - ADDED ENTRY--PERSONAL NAME
Personal name Bell, R.J.
700 ## - ADDED ENTRY--PERSONAL NAME
Personal name Parsons, G.B.
942 ## - ADDED ENTRY ELEMENTS (KOHA)
Suppress in OPAC 0
948 ## - LOCAL PROCESSING INFORMATION (OCLC); SERIES PART DESIGNATOR (RLIN)
c (OCLC) 04/03/1997
Holdings
Withdrawn status Lost status Source of classification or shelving scheme Damaged status Not for loan Home library Current library Shelving location Date acquired Cost, normal purchase price Total Checkouts Full call number Barcode Date last seen Copy number Cost, replacement price Price effective from Koha item type
    Dewey Decimal Classification     London London Basement 14/09/1999 3.50   SHELF 313 30003224 06/08/2019 1 3.50 06/08/2019 Book